00644nam a2200181 a 450000100100000000500170001000800410002704000250006808200160009310000380010924500550014726000620020230000210026450000370028504900090032295201140033199900170044500002763720200930031000.0110404s1986 dr 000 0 spa d aDO-SdBNPbspacBNPHU axxxxbC183d1 aCamilo González, Antonio95472910aDocumentos de Baní /cAntonio Camilo González. aBaní, República Dominicana :bEditora Andujar,c1986. a157 p. ;c21 cm. aLa biblioteca posee el volumen 1 aBNPD 0010718PDaPDbPDcCTd2011-04-05iLF1l0oxxxx C183dp27637-10r2020-06-25w2020-06-25yLFPDZNo se presta c27129d27129